| 000 | 00884nam a2200181Ia 4500 | ||
|---|---|---|---|
| 008 | 100921s9999 xx 000 0 und d | ||
| 082 |
_b10514 _a030 थ 65 |
||
| 100 | _aभिडे गणेश रंगो.संपा. | ||
| 245 | _aअभिनव मराठी ज्ञानकोश.भाग 2.आम-अंशशोधन. | ||
| 260 |
_bअभिनव मराठी ज्ञानकोश कार्यालय.कोल्हापूर. _c1965 |
||
| 300 |
_a556 _b--- |
||
| 365 | _b50 | ||
| 520 | _aसंकीर्ण ज्ञानकोश. | ||
| 630 | _aअभिनव मराठी ज्ञानकोश.भाग 2.आम-अंशशोधन. | ||
| 650 | _aसंकीर्ण ज्ञानकोश. | ||
| 730 | _aअभिनव मराठी ज्ञानकोश.भाग 2.आम-अंशशोधन. | ||
| 942 | _cBOOK | ||
| 999 |
_c759627 _d759624 |
||